Turkish States - Statistics

General Stats
  • This quiz has been taken 43 times
  • The average score is 5 of 8
Answer Stats
Picture Answer % Correct
Türkiye
100%
Azerbaijan
90%
Turkmenistan
87%
Uzbekistan
85%
Kyrgyzstan
74%
Hungary
67%
Kazakhistan
23%
Turkish Republic of Northern Cyprus
13%
No matching quizzes found
Score Distribution
Percent of People with Each Score
Percentile by Number Answered
Your Score History
You have not taken this quiz